LEADER 01346nam--2200409---450- 001 990000373880203316 005 20090112140511.0 010 $a88-464-2662-2 035 $a0037388 035 $aUSA010037388 035 $a(ALEPH)000037388USA01 035 $a0037388 100 $a20010326d2001----km-y0itay0103----ba 101 0 $aita 102 $aIT 105 $a||||||||001yy 200 1 $a<> reporting della performance aziendale$eun'applicazione al settore delle aziende di pubblici servizi in Italia, Francia e Gran Bretagna$fGiuseppe Bruni, Fabrizio Di Lazzaro, Giuseppe Gatti 210 $aMilano$cFranco Angeli$dcopyr. 2001 215 $a266 p.$d24 cm 225 2 $aEconomia$hsez. 5.$v120 410 0$12001$aEconomia$hsez. 5.$v120 606 $aAziende$xGestione 676 $a658 700 1$aBRUNI,$bGiuseppe$0298557 701 1$aDI LAZZARO,$bFabrizio$0107407 702 1$aGATTI,$bGiuseppe 801 0$aIT$bsalbc$gISBD 912 $a990000373880203316 951 $a658 BRU 1 (IRA 15 106)$b8897 E.C.$cIRA 15$d00072067 959 $aBK 969 $aECO 979 $aTAMI$b40$c20010326$lUSA01$h1245 979 $c20020403$lUSA01$h1645 979 $aPATRY$b90$c20040406$lUSA01$h1626 979 $aRSIAV3$b90$c20090112$lUSA01$h1405 996 $aReporting della performance aziendale$9877636 997 $aUNISA LEADER 01468oam 2200481zu 450 001 9911019117003321 005 20210807002700.0 010 $a1-118-70429-0 035 $a(CKB)3280000000033773 035 $a(SSID)ssj0000998113 035 $a(PQKBManifestationID)11526710 035 $a(PQKBTitleCode)TC0000998113 035 $a(PQKBWorkID)11011950 035 $a(PQKB)11221474 035 $a(NjHacI)993280000000033773 035 $a(EXLCZ)993280000000033773 100 $a20160829d2013 uy 101 0 $aeng 135 $aur||||||||||| 181 $ctxt 182 $cc 183 $acr 200 00$a128 Recognition Ideas for Donors, Volunteers and Members 210 31$a[Place of publication not identified]$cJossey Bass Imprint$d2013 215 $a1 online resource (55 pages) 300 $aBibliographic Level Mode of Issuance: Monograph 311 $a1-118-69200-4 606 $aNonprofit organizations$xManagement 606 $aAwards 606 $aVolunteers 606 $aNonprofit organizations$xMembership 615 0$aNonprofit organizations$xManagement. 615 0$aAwards. 615 0$aVolunteers. 615 0$aNonprofit organizations$xMembership. 676 $a658.3142 700 $aStevenson$b Scott C$01341156 702 $aStevenson$b Scott C 801 0$bPQKB 906 $aBOOK 912 $a9911019117003321 996 $a128 Recognition Ideas for Donors, Volunteers and Members$93569914 997 $aUNINA